000 00351 a2200157 4500
001 164551
020 _a
040 _cMagnum
100 _aSmoothey, Marion
240 1 0 _aAtividades e jogos com estimativas
_lpor
245 1 0 _aAtividades e jogos com estimativas
362 0 _a1899
440 1 _aScipione
697 _aPARADIDATICO
942 _cBK
999 _c164551
_d164551